甲陽園駅から1回以下の乗り換えで行ける駅 - Statistics

General Stats
  • This quiz has been taken 16 times
  • The average score is 19 of 20
Answer Stats
Answer % Correct
大阪梅田
100%
神戸三宮
100%
中津
93%
十三
93%
塚口
93%
武庫之荘
93%
西宮北口
93%
夙川
93%
芦屋川
93%
岡本
93%
御影
93%
六甲
93%
春日野道
93%
花隈
93%
高速神戸
93%
新開地
93%
苦楽園口
87%
神崎川
87%
園田
87%
王子公園
87%
No matching quizzes found
Score Distribution
Percent of People with Each Score
Percentile by Number Answered
Your Score History
You have not taken this quiz